Score 0/20 Timer 05:00
3 Plays Today
% Correct
Medium
99%
Wash
95.6%
Balls
95.5%
Trains-Train
94.7%
Free
94.6%
The
94.3%
Die
94%
Diving
91.1%
Wall
90.9%
Close
90.3%
% Correct
Cup
89.4%
Not
88.1%
Flush
87.2%
Fish
85.3%
Prohibits
82.9%
Sensor
82.2%
River
81.2%
Hurt
80%
NO!
79.8%
Drive
70.1%
Remove Ads.
Support Sporcle.
Get the best of Sporcle when you Go Orange. This ad-free experience offers more features, more stats, and more fun while also helping to support Sporcle. Thank you for becoming a member.

You're not logged in!

Compare scores with friends on all Sporcle quizzes.
OR
Log In

Show Comments

Extras

Top Quizzes Today


Score Distribution

Your Account Isn't Verified!

In order to create a playlist on Sporcle, you need to verify the email address you used during registration. Go to your Sporcle Settings to finish the process.

Report this User

Report this user for behavior that violates our Community Guidelines.

Details: